Trouve le vrai nom des habitants en France - Statistiques

Statistiques générales
  • Ce quiz a été pris 38 fois
  • Le résultat moyen est 9 sur 10
Statistiques - réponses
Question Réponse % Correct
Monaco Monégasques
100%
La Rochelle Rochelais
100%
Angers Angevins
97%
Quimper Quimpérois
95%
Saint-Etienne Stephanois
95%
Reims Rémois
89%
Besançon Bisontins
81%
Amiens Amiénois
73%
Limoges Limougeauds
62%
Metz Messins
62%
Aucun quiz correspondant
Distribution des résultats
% des personnes avec chaque résultat
Percentile par nombre de réponses
Votre historique - résultats
Vous n’avez pas pris ce quiz